000 00776nam a2200205 i 4500
001 64871
003 ES-MaACL
005 20251017063052.0
007 t|
008 040107s1954 sp ||||1| cat d
100 1 _aFort i Cogul, Eufemià,
_d1908-1979
_951838
245 1 0 _aBiografía del Servent de Déu Rverd. P. Francesc Crusats i Franch... mártir de la Selva del Camp /
_cEufemia Fort i Cogul.
260 _aLa Selva del Camp :
_bAnalecta Selvatana,
_c1954 (
_fSucs. de Torres y Virgili)
300 _a387 p. :
_bretr. aut. ;
_c24 cm.
490 1 _aAnalecta selvatana ;
_v15
600 1 4 _aCrusats Franch, Francisco (
_d1831-1868)
_9159519
830 0 _aAnalecta selvatana ;
_v15
_9182936
852 _aES-MaACL
_jC-8342
_bR.36454
999 _c64871
_d64871